000 01221ntm a2200277 a 4500
001 75473
003 BD-RjUL
005 20211209082710.0
008 190413s2017 bg a|||| m|b| 00| 0 eng d
035 _a(BD-RjUL)75691
040 _aBD-RjUL
_beng
_cBD-RjUL
_dBD-RjUL
041 _aeng
082 _223
_a634.772233
_bBAS 2017
100 1 _aBanu, Most. Arzu
_9230526
245 1 0 _aStudy on the effect of Gamma Irrdiation of In Vitro Shoot Tip Culture of Local Banana Culrivars (Musa spp.) with molecular Approach /
_cby Most. Arzu Banu ;
_6Supervisor: Md. Asadul Islam ; Co-Supervisor: Md. Khalekuzzaman , A. N. K. Mamun
260 _aRajshahi :
_bDepartment of Genetic Engineering and Biotechnology, University of Rajshahi,
_c2017
300 _axxi, 204 leaves :
_bIll. ;
_c30 cm.
502 _aThesis (Ph. D.) -- Department of Genetic Engineering and Biotechnology, University of Rajshahi, 2017
504 _aReferences : leaves 186-204
650 _aBananas
_xBiotechnology
_9230530
650 _aBananas
_xBreeding
_9230531
700 _aIslam, Md. Asadul, Supervisor
_9230527
700 _aKhalekuzzaman, Md. , Co-Supervisor
_9230528
700 _aMamun, A. N. K. , jt. Co-Supervisor
_9230529
942 _2ddc
_cTHE
999 _c75473
_d75473